Management of covers under Hevea in Sri Lanka (Record no. 62424)

MARC details
000 -LEADER
fixed length control field 00511nam a2200181Ia 4500
100 ## - MAIN ENTRY--AUTHOR NAME
Personal name Yogaratnam N
245 #0 - TITLE STATEMENT
Title Management of covers under Hevea in Sri Lanka
260 ## - PUBLICATION, DISTRIBUTION, ETC. (IMPRINT)
Name of publisher Journal of the Rubber Research Institute of Sri Lanka : Conference Proceedings
Year of publication 1977
300 ## - PHYSICAL DESCRIPTION
Number of Pages 291-298
650 ## - SUBJECT ADDED ENTRY--TOPICAL TERM
Topical Term Cover crops
650 ## - SUBJECT ADDED ENTRY--TOPICAL TERM
Topical Term Hevea
650 ## - SUBJECT ADDED ENTRY--TOPICAL TERM
Topical Term Sri Lanka
700 ## - ADDED ENTRY--PERSONAL NAME
Personal name Karunaratna A D M
700 ## - ADDED ENTRY--PERSONAL NAME
Personal name Peiris K S A C
700 ## - ADDED ENTRY--PERSONAL NAME
Personal name Sulaiman H
942 ## - ADDED ENTRY ELEMENTS (KOHA)
Koha item type Journals
Holdings
Withdrawn status Lost status Damaged status Not for loan Home library Current library Shelving location Date acquired Serial Enumeration / chronology Koha item type
      Journals RRII Library RRII Library Botany 17/12/2021 Volume 54, Issue Journals